000 00632nam a2200241 a 4500
001 nice12345678
003 IN_TiNIC
005 20260116011457.0
008 050524s1943 laha grp 000 0 eng
020 _a
_c5
082 0 0 _a922.97
_bIQB1
100 _aIqbal, Mohammad
245 _aLetters of Iqbal to Jinnah
_b Allama Iqbal`s Views on the Political Future of
260 _aLahore
_bSh. Muhammad Ashraf
_c1943
300 _a31p
500 _aincludes index and biblioraphy
505 2 _aAppendix
650 _aIqbal Muhammad-Letters
700 1 _aIqbal, Mohammad
902 _bSRS
942 _cBK
999 _c1880
_d1880